01071nam a2200241 i 450000100060000000300090000600500170001500700030003200800410003508000120007624501960008826000370028430000220032149000720034365000240041570000440043970000300048370000460051383000800055985200470063999900170068695201260070359669ES-MaACL20250831121955.0t|031030s1961 sp |||| | spa d a355(04)03aEl ejército como problema / cpor Alfredo Kindenlán, Carlos Martínez Campos, Ángel González de Mendoza ... [et al.] ; prólogo de J. Iturrioz ; epílogo de J.M. García Escudero. aMadrid : bEuramérica, c1961. a201 p. ; c18 cm.1 aColección bien común ; v14. aSerie II, Problemas de hoy ; v4 4aEjército.91458861 aKindelán, Alfredo, d1879-19629680451 aIturrioz, Jesús.9656381 aGarcía Escudero, José María.9545700 aColección bien común ; v14. aSerie II, Problemas de hoy ; v49230528 aES-MaACLjC-21498 q- Ejemp. falto de cub. c59669d59669 00104070aATENEOMbATENEOMcGaleríad2008-01-17eSCl0oC-21498p1062585r2023-02-23 00:00:00w2023-02-23yMONOGRAFIA